000 00313nas a2200145 a 4500
001 72661
003 146897
005 20201118111042.0
008 ||||||n9999 ||| || ||
245 0 _aNueva Frontera - No.871
260 _c1976.
562 _e1
773 _016068
_aNueva Frontera
942 _cSISS
999 _c72661
_d72661